<?xml version="1.0" encoding="UTF-8"?>
<collection xmlns="http://www.loc.gov/MARC21/slim">
 <record>
  <leader>01817nam a2200241Ia 4500</leader>
  <controlfield tag="001">CTU_203871</controlfield>
  <controlfield tag="008">210402s9999    xx            000 0 und d</controlfield>
  <datafield tag="020" ind1=" " ind2=" ">
   <subfield code="c">335000</subfield>
  </datafield>
  <datafield tag="082" ind1=" " ind2=" ">
   <subfield code="a">343.59701</subfield>
  </datafield>
  <datafield tag="082" ind1=" " ind2=" ">
   <subfield code="b">V308</subfield>
  </datafield>
  <datafield tag="110" ind1=" " ind2=" ">
   <subfield code="a">Việt Nam (Cộng hòa Xã hội Chủ nghĩa)</subfield>
  </datafield>
  <datafield tag="245" ind1=" " ind2="0">
   <subfield code="a">Tìm hiểu luật Nghĩa vụ quân sự (Sửa đổi) :</subfield>
  </datafield>
  <datafield tag="245" ind1=" " ind2="0">
   <subfield code="b">Luật sĩ quan quân đội nhân dân Việt Nam</subfield>
  </datafield>
  <datafield tag="245" ind1=" " ind2="0">
   <subfield code="c">Việt Nam (Cộng hòa Xã hội Chủ nghĩa) ; Quang Minh (hệ thống)</subfield>
  </datafield>
  <datafield tag="260" ind1=" " ind2=" ">
   <subfield code="a">Hà Nội</subfield>
  </datafield>
  <datafield tag="260" ind1=" " ind2=" ">
   <subfield code="b">Lao động</subfield>
  </datafield>
  <datafield tag="260" ind1=" " ind2=" ">
   <subfield code="c">2015</subfield>
  </datafield>
  <datafield tag="520" ind1=" " ind2=" ">
   <subfield code="a">Cuốn sách gồm các nội dung chính sau: Phần thứ nhất: Luật sửa đổi, bổ sung một số điều của Luật Sĩ quan Quân đội nhân dân Việt Nam; Phần thứ hai: Chế độ chính sách với quân nhân, công nhân viên chức quốc phòng; Phần thứ ba: Các quy định về tổ chức hoạt động trong quân đội;  Phần thứ tư: Giải quyết tố cáo, thi hành án dân sự trong Quân đội nhân dân; Phần thứ năm: Khen thưởng, xử phát hành chính trong lĩnh vực quốc phòng; Phần thứ sáu: Hướng dẫn thực hiện quy chế khu vực biên giới đất liền; Phần thứ bảy: Luật Nghĩa vụ quân sự (sửa đổi)</subfield>
  </datafield>
  <datafield tag="650" ind1=" " ind2=" ">
   <subfield code="a">Constitutions, state,Civil rights,Hiến pháp, nhà nước,Quyền công dân</subfield>
  </datafield>
  <datafield tag="650" ind1=" " ind2=" ">
   <subfield code="x">Constitutional law,Luật Hiến pháp</subfield>
  </datafield>
  <datafield tag="650" ind1=" " ind2=" ">
   <subfield code="z">Vietnam,Vietnam,Việt Nam,Việt Nam</subfield>
  </datafield>
  <datafield tag="904" ind1=" " ind2=" ">
   <subfield code="i">Tuyến</subfield>
  </datafield>
  <datafield tag="980" ind1=" " ind2=" ">
   <subfield code="a">Trung tâm Học liệu Trường Đại học Cần Thơ</subfield>
  </datafield>
 </record>
</collection>
